00847nam a2200217 a 450000100060000000300080000600500170001400800410003103500190007204000350009104100080012608200240013410000230015824501670018126000710034830000380041950200790045750400300053665000280056670000350059484528BD-RjUL20241211140706.0241211s2022 bg a|||| m||| 00| 0 eng d a(BD-RjUL)84528 aBD-RjULbengcBD-RjULdBD-RjUL aeng a639.8223bPAI 2022 aParvez, Md. Taskin10aImpact of Aquaculture Expansion on Aquatic Biodiversity and Livelihood in North-Western Area of Bangladesh /cBy Md. Taskin Parvez ;6Supervisor : A. B. M. Mohsin aRajshahi :bDepartment of Fisheries, University of Rajshahi,c2022 avii, 111 Leaves :bill, ;c29 cm. aThesis (M. Phil.) -- Department of Fisheries, University of Rajshahi, 2022 aReferences : Leaves 53-64 aAquaculturevLivelihood a Mohsin, A. B. M., Supervisor